000 00361 a2200157 4500
001 175379
020 _a84-7838-657-2
040 _cMagnum
100 _aLopera, José Alvarez
240 1 0 _aHistória geral da arte - pintura 1
_lpor
245 1 0 _aHistória geral da arte - pintura 1
300 _a133
362 0 _a1995
697 _aPINTURAS
942 _cBK
999 _c175379
_d175379